Historia argentina : 1814-1837 /
Guardado en:
| Autor Principal: | |
|---|---|
| Autores Corporativos: | , |
| Formato: | |
| Publicado: |
Argentina,
2001
|
| Series: | Historia Argentina / Capítulo 2
|
| Materias: | |
| Etiquetas: |
Agregar Etiqueta
Sin Etiquetas, Sea el primero en etiquetar este registro!
|
| LEADER | 02263ngm a22002775g 4500 | ||
|---|---|---|---|
| 001 | CEM.cems023247 | ||
| 008 | 130507s2001##################0###0#####d | ||
| 005 | 20250220185215.0 | ||
| 245 | 1 | 0 | |a Historia argentina : |b 1814-1837 / |c Felipe Pigna. |
| 260 | |a Argentina, |c 2001 | ||
| 300 | |a 60'. | ||
| 490 | 0 | |a Historia Argentina / Capítulo 2 | |
| 500 | |a Consultar en ventanilla. | ||
| 505 | 0 | |a Santa Alianza. Romanticismo. Revoluciones liberales. Derrota de Napoleón. Director Supremo. Gervasio Antonio de Posadas. Belgrano. San Martín. Guillermo Brown. Rondeau. Ejército del Norte. Alvear. Álvarez Thomas. Derrota de Sipe-Sipe. Estatuto Provisional de 1815. Pueyrredón. Congreso de Tucumán. Monárquicos y Republicanos. Artigas. Invasión Portuguesa a Montevideo. Güemes. Ejército de los Andes. Independencia de Chile y Perú. Francisco Ramírez. Estanislao López. Unitarios y Federales. Constitución de 1819. Caudillos. Batalla de Cepeda. Sarratea Gobernador de Buenos Aires. El comercio. Rosas. Martín Rodríguez. Simón Bolívar. Exilio de San Martín. Triunfos de Junín y Ayacucho. Primera deuda externa. Enfiteusis. Rol argentino de productor de materias primas. Congreso de 1824. Las Heras. Rivadavia Presidente. Dorrego. Fin de la guerra con Brasil. Lavalle. José María Paz. López. Rosas Gobernador. Estancias. Unitarios y federales. Juan Ramón Balcarce. Campaña del Desierto. Calfucura. Ocupación inglesa de las Islas Malvinas. Encarnación Ezcurra. Juan Facundo Quiroga. Manuel Vicente Maza. Barranca Yaco. Rosas y la suma del poder. La mazorca. Ley de aduanas. Centralismo porteño. Otorgamiento de tierras públicas. El mundo industrial. Romanticismo. Burguesía versus nobleza. La Generación del 37. Echeverría. Alberdi. Vicente Fidel López. | |
| 538 | |a Soporte: DVD - Color: Si - Grabación DRD. | ||
| 590 | |a Identificación anterior registrada en SIABUC: DVD Nº81 | ||
| 100 | 1 | |a Pigna, Felipe | |
| 710 | 2 | |a Diana Producciones. | |
| 710 | 2 | |a Escuela Superior de Comercio "Carlos Pellegrini". | |
| 082 | 9 | 8 | |/ PIG-1.1 |
| 653 | |a HISTORIA | ||
| 653 | |a HISTORIA ARGENTINA | ||
| 653 | |a FELIPE PIGNA | ||
| 653 | |a SERIE | ||
| 653 | |a DOCUMENTAL | ||
| 859 | |a CEMS |b BIB. CEMS - Depto. Recursos Didacticos |h 982 |i PIG-1.1 |k DRD |p 1890.13 |t Ej.1 | ||
